[Event "Tampere We Taraus"]
[Site "Tampere"]
[Date "2012.??.??"]
[Round "4"]
[White "Ketola, Ville"]
[Black "Maki, Juha"]
[Result "1-0"]
[WhiteElo "2121"]
[BlackElo "1974"]
[PlyCount "159"]
[EventDate "2012.??.??"]
[EventType "swiss"]
[EventRounds "5"]
[EventCountry "FIN"]
[SourceTitle "EXT 2022"]
[Source "ChessBase"]
[SourceDate "2021.10.06"]
[SourceVersion "1"]
[SourceVersionDate "2021.10.06"]
[SourceQuality "1"]

1. e4 e6 2. d4 d5 3. Nc3 Bb4 4. e5 c5 5. a3 Bxc3+ 6. bxc3 Ne7 7. Nf3 Qa5 8. Bd2 Nbc6 9. Bd3 c4 10. Be2 Bd7 11. Ng5 h6 12. Nh3 Qa4 13. f4 0-0-0 14. 0-0 Kb8 15. Kh1 Ka8 16. Nf2 Rdg8 17. Qc1 Nf5 18. Bg4 g6 19. Bh3 h5 20. Nd1 Rf8 21. Qb1 Rfg8 22. Qa2 Rf8 23. Rc1 Rfg8 24. Nb2 Qa5 25. Rfd1 Rh7 26. Ra1 Nh6 27. a4 Ng4 28. Kg1 Rgh8 29. Qa3 Rd8 30. Be1 Ne3 31. Rd2 h4 32. Re2 Nf5 33. Nd1 Qc7 34. a5 Bc8 35. Nf2 Nh6 36. Bd2 Rg8 37. Ree1 Rhg7 38. Reb1 Qe7 39. Qc1 Qd8 40. Qa3 Qe7 41. Qa2 Rh7 42. Rb5 Rd8 43. Bc1 Rg8 44. Rab1 f6 45. exf6 Qxf6 46. Qa4 Rc7 47. Qa3 Qe7 48. Qb2 a6 49. Rb6 Nb8 50. Qa2 Rc6 51. R6b4 Qc7 52. Bg4 Nf5 53. Bf3 Nd6 54. Ng4 Nb5 55. Bd2 Rd6 56. Ne5 Nc6 57. Nxc6 Qxc6 58. Re1 Rdd8 59. Re5 Rdf8 60. Rb1 Rf5 61. Rbe1 Bd7 62. Bg4 Rxe5 63. Rxe5 Qc8 64. Qa1 Nd6 65. Bf3 Nf7 66. Re1 Nd6 67. Qa3 Qc6 68. Qb4 Ka7 69. Bc1 Re8 70. Bd2 Nb5 71. Re5 Nd6 72. Qa3 Nf7 73. Re1 Nd6 74. Rb1 Nb5 75. Qc1 Qd6 76. Qe1 Rh8 77. Bg4 Rh7 78. Bc1 Rh8 79. Bb2 Qxf4 80. Bh3 1-0

[Event "Tampere We Taraus"]
[Site "Tampere"]
[Date "2012.??.??"]
[Round "5"]
[White "Luukkonen, Tommi"]
[Black "Ketola, Ville"]
[Result "1-0"]
[WhiteElo "2252"]
[BlackElo "2121"]
[PlyCount "52"]
[EventDate "2012.??.??"]
[EventType "swiss"]
[EventRounds "5"]
[EventCountry "FIN"]
[SourceTitle "EXT 2022"]
[Source "ChessBase"]
[SourceDate "2021.10.06"]
[SourceVersion "1"]
[SourceVersionDate "2021.10.06"]
[SourceQuality "1"]

1. e4 c6 2. d4 d5 3. e5 Nh6 4. Nf3 e6 5. Bd3 Nf5 6. h4 Na6 7. g4 Ne7 8. h5 Qb6 9. Nc3 Bd7 10. Na4 Qa5+ 11. c3 b5 12. Nc5 Nxc5 13. dxc5 b4 14. cxb4 Qxb4+ 15. Kf1 d4 16. Ng5 f6 17. exf6 gxf6 18. Nxh7 Nd5 19. Nxf8 Rxf8 20. Bh6 Rh8 21. Bg7 0-0-0 22. Bxh8 Rxh8 23. Rc1 Nf4 24. Rc4 Qxb2 25. Rxd4 e5 26. Ba6+ Kb8 1-0

[Event "Helsinki We HSK 8th Group M"]
[Site "Helsinki"]
[Date "2011.08.27"]
[Round "3"]
[White "Ketola, Ville"]
[Black "Parkkinen, Jyrki"]
[Result "1-0"]
[WhiteElo "2117"]
[BlackElo "2219"]
[PlyCount "43"]
[EventDate "2011.08.26"]
[EventType "tourn"]
[EventRounds "5"]
[EventCountry "FIN"]
[SourceTitle "EXT 2022"]
[Source "ChessBase"]
[SourceDate "2021.10.06"]
[SourceVersion "1"]
[SourceVersionDate "2021.10.06"]
[SourceQuality "1"]

1. e4 c5 2. Nf3 Nc6 3. d4 cxd4 4. Nxd4 Nf6 5. Nc3 e5 6. Nxc6 bxc6 7. Bc4 d6 8. 0-0 Be7 9. f4 Qb6+ 10. Kh1 Bb7 11. Qe1 0-0 12. fxe5 dxe5 13. Bg5 Qc5 14. Bb3 Ba6 15. Rf5 Bc8 16. Rf3 Ng4 17. Na4 Qd6 18. Rd1 Qxd1 19. Qxd1 Bxg5 20. h3 Rd8 21. Qxd8+ Bxd8 22. Rxf7 1-0

[Event "Helsinki We HSK 8th Group M"]
[Site "Helsinki"]
[Date "2011.08.26"]
[Round "1"]
[White "Hartikainen, Markku"]
[Black "Ketola, Ville"]
[Result "1-0"]
[WhiteElo "2314"]
[BlackElo "2117"]
[PlyCount "123"]
[EventDate "2011.08.26"]
[EventType "tourn"]
[EventRounds "5"]
[EventCountry "FIN"]
[SourceTitle "EXT 2022"]
[Source "ChessBase"]
[SourceDate "2021.10.06"]
[SourceVersion "1"]
[SourceVersionDate "2021.10.06"]
[SourceQuality "1"]

1. d4 Nf6 2. c4 e5 3. dxe5 Ng4 4. Nf3 Nc6 5. Bf4 Bb4+ 6. Nbd2 Qe7 7. e3 0-0 8. Be2 Ncxe5 9. 0-0 Ng6 10. Bg3 Bd6 11. Bxd6 Qxd6 12. Ne4 Qe7 13. Nc3 Nf6 14. a3 d6 15. Qd2 Ne4 16. Qc2 Nxc3 17. Qxc3 Re8 18. Rfd1 Ne5 19. Rac1 Bg4 20. Nd4 Rad8 21. f3 Bc8 22. e4 h5 23. Qe3 a6 24. b4 Ng6 25. Qd2 h4 26. Bf1 Qf6 27. Rc3 Nf4 28. g3 Nh5 29. Ne2 Qg6 30. Nf4 Qh6 31. Nxh5 Qxh5 32. Rd3 hxg3 33. hxg3 Qg6 34. g4 Re6 35. Rd5 Rf6 36. Bg2 Re8 37. c5 dxc5 38. bxc5 Rfe6 39. Rh5 Qf6 40. Qa5 Rc6 41. Qb4 g6 42. Rhd5 Qe7 43. g5 a5 44. Qxa5 Ra6 45. Qd2 Be6 46. Re5 Rxa3 47. f4 Ra2 48. Qd4 Rea8 49. Rd3 b6 50. cxb6 cxb6 51. Qxb6 Rc8 52. Rg3 Ra3 53. Qf2 Qc7 54. Rxa3 Qc1+ 55. Kh2 Qxa3 56. f5 gxf5 57. exf5 Bb3 58. Qg3 Qc1 59. Qxb3 Rc3 60. Re8+ Kg7 61. f6+ Kg6 62. Rg8+ 1-0